01508nam a2200277 a 450000100100000000500170001000800410002702000180006804000250008608200170011110000260012824500810015426000450023530000280028059000260030865000330033465000330036765000310040091000380043195201300046995201890059995201890078895201150097795201210109299900170121300003243820250717131055.0100331s2012 dr a 001 0 spa d a9789945006162 aDO-SdBNPbspacBNPHU a248.4bB562m1 aBetances, Juan95839810aA la manera de Dios :bcómo experimentar el amor de Dios /cJuan Betances. aSanto Domingo :bAmigo del Hogar,c2012. a172 p. :bil. ;c24 cm. aInventariado, 2018/BT 4aEducación cristiana911641 4aEnseñanza bíblica915358 0aEducación religiosa9682 aValidado. Control de calidad. EMS 001054708DSaGRbGRcHDd2013-03-04iLF1l0o248.4 B562mp32438-40r2020-06-25te. 3w2020-06-25yLFDSZPréstamo en sala 001054708DSaGRbGRcHDd2015-06-11iLF1l0o248.4 B562mp32438-50r2020-06-25te. 4w2020-06-25yLFDSzPerteneció a la biblioteca personal de Erick Landestoy.ZPréstamo en sala 001054708DSaGRbGRcHDd2015-06-11iLF1l0o248.4 B562mp32438-60r2020-06-25te. 5w2020-06-25yLFDSzPerteneció a la biblioteca personal de Erick Landestoy.ZPréstamo en sala 0010718PDaPDbPDcHDd2013-03-04iLF1l0o248.4 B562mp32438-20r2020-06-25w2020-06-25yLFPDZNo se presta 0010718PDaPDbPDcHDd2013-03-04iLF1l0o248.4 B562mp32438-30r2020-06-25te. 2w2020-06-25yLFPDZNo se presta c31929d31929